00337nam a2200157Ia 4500008004100000041000800041082001200049100001800061245002000079250001300099260002700112300000800139365000700147500000600154650001900160231222s2023 xx 000 0 und d aeng a612/JAN aDr.C.M.Jangms aPathophysiology a7th July bNirali Prakashanc2023 a15p cRS aR aPathophysiolgy